Statystyki dla 100 najlepszych kobiet w EA FC 24

Kliknij tutaj aby rozwiązać quiz!

Ogólne statystyki

  • Ten quiz został rozwiązany 10 razy
  • Średni wynik to 14 z 100

Statystyki odpowiedzi

OverallKlubNarodowośćZawodniczka% Poprawnych
91FC BarcelonaHiszpaniaAlexia Putellas
80%
90FC BarcelonaNorwegiaCaroline Graham Hansen
70%
87WolfsburgPolskaEwa Pajor
70%
90ChelseaAustraliaSamantha Kerr
70%
90FC BarcelonaHiszpaniaAitana Bonmati
50%
89Olympique LyonNorwegiaAda Hegerberg
40%
89San Diego Wave FCUSAAlex Morgan
40%
89Olympique LyonFrancjaKadidiatou Diani
40%
86Manchester CityAngliaLauren Hemp
40%
87WolfsburgNiemcyLena Sophie Oberdorf
40%
86Manchester UnitedAngliaMary Alexandra Earps
40%
85ChelseaAngliaMillie Bright
40%
84PSGPolskaPaulina Dudek
40%
87FC BarcelonaHiszpaniaSandra Panos
40%
88Portland ThornsUSASophia Olivia Smith
40%
88Olympique LyonFrancjaWendeleine Therese Renard
40%
87FC BarcelonaAngliaLucia Roberta Tough Bronze
30%
89FC BarcelonaHiszpaniaMaria Pilar Leon
30%
86Olympique LyonFrancjaSelma Bacha
30%
88WolfsburgNiemcyAlexandra Popp
20%
85Angel CityFrancjaAmandine Chantal Henry
20%
85FC BarcelonaNigeriaAsisat Oshoala
20%
87ArsenalAngliaBethany Jane Mead
20%
88Olympique LyonChileClaudia Christiane Endler
20%
88Kansas CityBrazyliaDebinha
20%
84PSGHolandiaElisabeth Petronella Lieke Martens
20%
87FC BarcelonaSzwecjaFridolina Rolfo
20%
84BayernAngliaGeorgia Marie Stanway
20%
88FC BarcelonaHiszpaniaIrene Paredes
20%
87BayernNiemcyLina Maria Magull
20%
88PSGFrancjaMarie-Antoinette Oda Katoto
20%
84Orlando PrideBrazyliaMarta
20%
86ArsenalHolandiaVivianne Miedema
20%
83Manchester CityAngliaAlex Greenwood
10%
84Portland ThornsUSAAnnabella Bixby
10%
84TottenhamAngliaAshleigh Neville
10%
86ChelseaKanadaAshley Elizabeth Marie Lawrence
10%
84ArsenalAustraliaCaitlin Jade Foord
10%
84Paris FCNigeriaChiamaka Cynthia Nnadozie
10%
84Manchester CityAngliaChloe Kelly
10%
86JuventusWłochyCristiana Girelli
10%
84Kansas City CurrentKanadaDesiree Scott
10%
83Manchester UnitedAngliaElla Toone
10%
84ChelseaAngliaFrancesca Kirby
10%
88ChelseaNorwegiaGuro Reiten
10%
86Manchester CityHolandiaJill Roord
10%
85ArsenalIrlandiaKatie McCabe
10%
85FC BarcelonaAngliaKeira Walsh
10%
85Manchester CityJamajkaKhadija Shaw
10%
86ArsenalSzkocjaKim Alison Little
10%
83Manchester UnitedAngliaLeah Galton
10%
85ArsenalAngliaLeah Williamson
10%
84 | 86BayernNiemcyLea Schuller
10%
85ArsenalAustriaManuela Zinsberger
10%
85Reign FCUSAMegan Rapinoe
10%
86PSGFrancjaOnema Grace Geyoro
10%
88FC BarcelonaHiszpaniaPatricia Guijarro
10%
85Aston VillaAngliaRachel Daly
10%
87OL ReignUSARosemary Kathleen Lavelle
10%
86PSGFrancjaSakina Karchaoui
10%
84ArsenalAngliaAlessia Russo
0%
84ArsenalSzwecjaAmanda Ilestedt
0%
84Olympique LyonFrancjaAmel Majri
0%
84ChelseaNiemcyAnn-Katrin Berger
0%
84Washington SpiritUSAAubrey Kingsbury
0%
84Real MadrytSzkocjaCaroline Elspeth Lillias Weir
0%
84ChelseaUSACatarina Cantanhede Melonio Macario
0%
84Paris FCFrancjaClara Mateo
0%
84Portland ThornsUSACrystal Dunn
0%
84Olympique LyonFrancjaDelphine Cascarino
0%
83Olympique LyonNiemcyDzsenifer Marozsan
0%
83Olympique LyonAustraliaEllie Carpenter
0%
83ChelseaSzkocjaErin Cuthbert
0%
84Olympique LyonFrancjaEugenie Le Sommer
0%
83WolfsburgNiemcyFelicitas Rauch
0%
83BayernSzwecjaGlodis Perla Viggosdottir
0%
83Olympique LyonFrancjaGriedge Mbock
0%
84Houston DashUSAJane Campbell
0%
84OL ReignWaliaJess Fishlock
0%
85ChelseaKanadaKadeisha Buchanan
0%
85San Diego WaveKanadaKailen Sheridan
0%
85WolfsburgNiemcyKathrin-Julia Hendrich
0%
83ArsenalSzwajcariaLia Walti
0%
86Olympique LyonUSALindey Michelle Horan
0%
84JuventusWłochyLisa Boattin
0%
86Chicago Red StarsUSAMallory Swanson
0%
84FC BarcelonaHiszpaniaMarta Torrejon
0%
83JuventusWłochyMartina Rosucci
0%
85WolfsburgNiemcyMerle Frohms
0%
85FC BarcelonaHiszpaniaOna Batlle
0%
84BayernDaniaPernille Mosegaard-Harder
0%
85Portland ThornsUSARebecca Elizabeth Sauerbrunn
0%
84Olympique LyonNiemcySara Ilonka Dabritz
0%
83ArsenalAustraliaSteph Catley
0%
85WolfsburgNiemcySvenja Anette Huth
0%
83WolfsburgNiemcyTabea Sellner
0%
84Washington SpiritUSATrinity Rodman
0%
83Olympique LyonKanadaVanessa Gilles
0%
84ChicagoJaponiaYuki Nagasato
0%

Rozkład punktacji

Percentyl według liczby udzielonych odpowiedzi

Procent ludzi z każdym wynikiem

Twoja historia wyników

Nie rozwiązałeś tego quizu